مبادئ في الصحة و السلامة العامة / (رقم التسجيلة. 110532)
[ عرض عادي ]
| 000 -LEADER | |
|---|---|
| fixed length control field | 00536nam a22001697a 4500 |
| 005 - DATE AND TIME OF LATEST TRANSACTION | |
| control field | 20251108173717.0 |
| 008 - FIXED-LENGTH DATA ELEMENTS--GENERAL INFORMATION | |
| fixed length control field | 250721s2007 xx 000 0 ara d |
| 082 14 - DEWEY DECIMAL CLASSIFICATION NUMBER | |
| Classification number | 613/طعا |
| 100 1# - MAIN ENTRY--PERSONAL NAME | |
| Personal name | الطعامنة، غازي |
| Relator term | مؤلف |
| 245 10 - TITLE STATEMENT | |
| Title | مبادئ في الصحة و السلامة العامة / |
| 264 1# - PRODUCTION, PUBLICATION, DISTRIBUTION, MANUFACTURE, AND COPYRIGHT NOTICE | |
| Place of production, publication, distribution, manufacture | عمان : |
| Name of producer, publisher, distributor, manufacturer | دار عيناء للنشر و التوزيع، |
| Date of production, publication, distribution, manufacture, or copyright notice | 2007. |
| 300 ## - PHYSICAL DESCRIPTION | |
| Extent | 679 ص. |
| 650 17 - SUBJECT ADDED ENTRY--TOPICAL TERM | |
| Topical term or geographic name as entry element | الصحه العامه |
| 650 17 - SUBJECT ADDED ENTRY--TOPICAL TERM | |
| Topical term or geographic name as entry element | الوقايه الصحيه |
| 942 ## - ADDED ENTRY ELEMENTS (KOHA) | |
| Source of classification or shelving scheme | Dewey Decimal Classification |
| Koha item type | كتب |
| حالة السحب | حالة الفقدان | مصدر التصنيف | حالة التلف | غير قابل للإعارة | المكتبة الرئيسية | المكتبة الحالية | موقع الرف | تاريخ التزويد | الرقم المتسلسل | Total Checkouts | رقم الإستدعاء | الباركود | تاريخ آخر ظهور | تاريخ الفاتورة | نوع المادة (كوها) |
|---|---|---|---|---|---|---|---|---|---|---|---|---|---|---|---|
| Dewey Decimal Classification | المكتبة المركزية | المكتبة المركزية | الإعارة | 23/09/2008 | 1224759 | 613/طعا | PLD00042684 | 28/07/2025 | 23/09/2008 | كتب | |||||
| Dewey Decimal Classification | المكتبة المركزية | المكتبة المركزية | الإعارة | 26/10/2010 | 1457564 | 613/طعا | PLD00165177 | 28/07/2025 | 26/10/2010 | كتب | |||||
| Dewey Decimal Classification | مكتبة الأميرة ايمان العامة | مكتبة الأميرة ايمان العامة | الإعارة | 23/09/2008 | 1224760 | 613/طعا | PLD00042685 | 28/07/2025 | 23/09/2008 | كتب | |||||
| Dewey Decimal Classification | مكتبة الاميرة بديعة | مكتبة الاميرة بديعة | الإعارة | 23/09/2008 | 1224763 | 613/طعا | PLD00042688 | 28/07/2025 | 23/09/2008 | كتب | |||||
| Dewey Decimal Classification | مكتبة الجويدة | مكتبة الجويدة | الإعارة | 23/09/2008 | 1224764 | 613/طعا | PLD00042689 | 28/07/2025 | 23/09/2008 | كتب | |||||
| Dewey Decimal Classification | مكتبة الحسن العامة | مكتبة الحسن العامة | الإعارة | 23/09/2008 | 1224765 | 613/طعا | PLD00042690 | 28/07/2025 | 23/09/2008 | كتب | |||||
| Dewey Decimal Classification | مكتبة حمزة العامة | مكتبة حمزة العامة | الإعارة | 23/09/2008 | 1224766 | 613/طعا | PLD00042691 | 28/07/2025 | 23/09/2008 | كتب | |||||
| Dewey Decimal Classification | مكتبة صويلح العامة | مكتبة صويلح العامة | الإعارة | 23/09/2008 | 1224761 | 613/طعا | PLD00042686 | 28/07/2025 | 23/09/2008 | كتب |